00354nam a2200133Ia 4500008004100000041000800041082001500049100001800064245004600082250002200128260002800150300001100178650003100189231207s9999 xx 000 0 und d aeng a004.21/JAM aJames A. Senn aAnalysis and Design of information System a2003, 2nd Edition bTata mc graw hill Delhi aPB/853 aComnputer Program Language